| 000 -LEADER |
| fixed length control field |
01186nam a22002177a 4500 |
| 020 ## - INTERNATIONAL STANDARD BOOK NUMBER |
| ISBN |
9781000201062 |
| 082 ## - DEWEY DECIMAL CLASSIFICATION NUMBER |
| Classification number |
801.92 |
| Item number |
P538 2021 |
| 100 ## - MAIN ENTRY--AUTHOR NAME |
| Personal name |
Phelan, J.W., author |
| 245 ## - TITLE STATEMENT |
| Title |
Literature and understanding : the value of a close reading of literary texts / J.W. Phelan |
| 260 ## - PUBLICATION, DISTRIBUTION, ETC. (IMPRINT) |
| Place of publication |
London ; New York, NY : |
| Name of publisher |
Routledge Taylor & Francis Group |
| Year of publication |
2021. |
| 300 ## - PHYSICAL DESCRIPTION |
| Number of Pages |
1 online resource, xiii, 203 pages : |
| Other physical details |
illustrations. |
| 490 ## - SERIES STATEMENT |
| Series statement |
Literature and education. |
| 500 ## - GENERAL NOTE |
| General note |
Includes bibliographical references and index.
|
| 505 ## - FORMATTED CONTENTS NOTE |
| Formatted contents note |
Literary fiction as a subgenre of both literature and fiction -- Literary cognivitism, anti-cognitivism and non-cognitivism -- Understanding others from understanding literary fiction -- The cognitive gain from reading literary fiction as literature -- How understanding literary fiction relates to the world beyond literary fiction. |
| 520 ## - SUMMARY, ETC. |
| Summary, etc |
Investigates the cognitive gain from literature by focusing on a reader's close analysis of a literary text. |
| 650 ## - SUBJECT ADDED ENTRY--TOPICAL TERM |
| Topical Term |
Literature |
| -- |
Philosophy |
| 650 ## - SUBJECT ADDED ENTRY--TOPICAL TERM |
| Topical Term |
Cognition in Literature. |
| 700 ## - ADDED ENTRY--PERSONAL NAME |
| Personal name |
Aldridge, David., editor. |
| 700 ## - ADDED ENTRY--PERSONAL NAME |
| Personal name |
Green, Andrew., editor. |
| 942 ## - ADDED ENTRY ELEMENTS (KOHA) |
| Koha item type |
Electronic Books |